Rediseño eléctrico del complejo INS-Salud, edificio celeste
Guardado en:
| Hovedforfatter: | |
|---|---|
| Andre forfattere: | |
| Format: | Bog |
| Udgivet: |
[San José, Costa Rica]
2010
|
| Fag: | |
| Tags: |
Tilføj Tag
Ingen Tags, Vær først til at tagge denne postø!
|
MARC
| LEADER | 00000nam a2200000Ia 4500 | ||
|---|---|---|---|
| 003 | 010082 | ||
| 005 | 20240416114418.0 | ||
| 008 | 140114s2010 cr a 000 0|s d | ||
| 040 | |c cru CEDI | ||
| 090 | |a TFG 6252 | ||
| 100 | |a Fonseca Villalobos, Carlos Guillermo, 1987- |9 2940 | ||
| 245 | |a Rediseño eléctrico del complejo INS-Salud, edificio celeste | ||
| 260 | |a [San José, Costa Rica] |c 2010 | ||
| 500 | |a Proyecto de graduación (bachillerato de ingeniería eléctrica)--Universidad de Costa Rica. Facultad de Ingeniería. Escuela de Ingeniería Eléctrica | ||
| 501 | |a Profesor Guía de IE-0502 Proyecto Eléctrico: Ing. José Miguel Páez | ||
| 650 | |x INSTALACIONES ELECTRICAS - EQUIPO ELECTRICO |x DISTRIBUCION DE ENERGIA |x EDIFICIOS |9 2838 | ||
| 700 | |a Páez Jiménez, José Miguel, 1951- |d Director de Proyecto Eléctrico |9 733 | ||
| 942 | |c TFG |h TFG 6252 |i 010082 |6 TFG_6252_010082000000000 | ||
| 999 | |c 15951 |d 15951 | ||
